[Event "Imperia op-A 36th"]
[Site "Imperia"]
[Date "1994.09.05"]
[Round "3.18"]
[White "Kljako, Damir"]
[Black "Ringoyr, Guy"]
[Result "1-0"]
[WhiteElo "2265"]
[BlackElo "2000"]
[PlyCount "57"]
[EventDate "1994.09.03"]
[EventType "swiss"]
[EventRounds "9"]
[EventCountry "ITA"]
[SourceTitle "EXT 2024"]
[Source "ChessBase"]
[SourceDate "2023.10.10"]
[SourceVersion "1"]
[SourceVersionDate "2023.10.10"]
[SourceQuality "1"]

1. d4 Nf6 2. c4 c5 3. d5 e6 4. Nc3 exd5 5. cxd5 d6 6. e4 g6 7. Nf3 Bg7 8. Bg5 h6 9. Bf4 g5 10. Bb5+ Kf8 11. Bg3 a6 12. Be2 Nh5 13. a4 Nxg3 14. hxg3 Bg4 15. Nd2 Bxe2 16. Qxe2 Nd7 17. Nc4 Nb6 18. Ne3 Kg8 19. Nf5 Bf8 20. f4 f6 21. Nd1 Qd7 22. Nde3 Re8 23. a5 Na4 24. Ng4 Qxf5 25. exf5 Rxe2+ 26. Kxe2 Nxb2 27. Rhc1 h5 28. Nxf6+ Kg7 29. fxg5 1-0

[Event "Imperia op-A 36th"]
[Site "Imperia"]
[Date "1994.09.03"]
[Round "1.21"]
[White "Barlocco, Carlo"]
[Black "Ringoyr, Guy"]
[Result "1-0"]
[WhiteElo "2166"]
[BlackElo "2000"]
[PlyCount "49"]
[EventDate "1994.09.03"]
[EventType "swiss"]
[EventRounds "9"]
[EventCountry "ITA"]
[SourceTitle "EXT 2024"]
[Source "ChessBase"]
[SourceDate "2023.10.10"]
[SourceVersion "1"]
[SourceVersionDate "2023.10.10"]
[SourceQuality "1"]

1. e4 c5 2. Nf3 d6 3. d4 cxd4 4. Nxd4 Nf6 5. Nc3 a6 6. Bg5 e6 7. f4 Be7 8. Qf3 Qc7 9. 0-0-0 Nbd7 10. g4 b5 11. Bxf6 Nxf6 12. g5 Nd7 13. f5 Bxg5+ 14. Kb1 Ne5 15. Qh5 Qd8 16. fxe6 g6 17. exf7+ Kf8 18. Qe2 Ra7 19. h4 Bxh4 20. Bh3 Bf6 21. Qf2 Rxf7 22. Be6 Ng4 23. Qf4 Ne5 24. Bxf7 Nxf7 25. Rhf1 1-0